Workers, citizens, governance : socio-cultural innovation at work

Αποθηκεύτηκε σε:
Λεπτομέρειες βιβλιογραφικής εγγραφής
Άλλοι συγγραφείς: Garibaldo, Francesco (Επιμελητής έκδοσης)
Μορφή: Βιβλίο
Γλώσσα:English
Δημοσίευση: Frankfurt am Main : PETER LANG, [2012]
Σειρά:Labour, education & society
Θέματα:
Ετικέτες: Προσθήκη ετικέτας
Δεν υπάρχουν, Καταχωρήστε ετικέτα πρώτοι!

MARC

LEADER 00000nam a2200000 a 4500
001 1/111562
008 160829s2012####gw | ||| |001 |deng||
020 |a 9783631640227  
040 |a GR-MyUa  |b gre  |c GR-MyUa  |e AACR2 
041 0 |a eng 
082 7 |a 331.094   |2 (23)  
245 0 0 |a Workers, citizens, governance :   |b socio-cultural innovation at work /   |c Francesco Garibaldo ... [κ. α.] (eds.). 
260 |a Frankfurt am Main :   |b PETER LANG,   |c [2012]  
300 |a 222 σ. ;   |c 22 εκ.  
490 1 |a (Labour, Education & Society ;   |v 27)  
504 |a Περιλαμβάνει βιβλιογραφία.  
505 8 |a Introduction / Catherine Casey [and others] -- The social roots of the democratic crisis of the EU and the role of trade unions / Francesco Garibaldo -- Euro-democratisation and its alternatives : an analytical framework for organised labour / Roland Erne -- Path dependency and research on labour relations / Mirella Baglioni -- The labour policies of the European Union : questions of governance / Richard Hyman -- Welfare and democracy / Rainer Greca -- The participatory polices of the European Union : a critical assessment of the directives on information and consultation / Kevin O'Kelly -- Transnational unionism : actors, structures and strategies / Isabel Da Costa, Udo Rehfeldt -- Industrial and innovation policies in the European Union / Matteo Lucchese, Mario Pianta -- Working conditions in the enlarged European Union : for better, for worse? / Peter Brödner -- Revitalising participatory practices in workplaces / Volker Telljohann -- Identity, solidarity and non-market values : prospects for social democracy in Europe? / Valeria Pulignano -- Workers, citizens and lifelong learning : the search for socio-cultural innovation / Catherine Casey.  
650 0 |a Work  |x Social aspects  |z European Union countries. 
650 0 |a Industrial sociology  |z European Union countries. 
650 0 |a Labor market  |z European Union countries. 
650 0 |a Industrial relations  |z European Union countries. 
650 0 |a Labor policy  |z European Union countries. 
700 1 |a Garibaldo, Francesco,  |e edt 
830 0 |a Labour, education & society 
852 |a INST  |b LESVOS  |c BK  |e 20160829  |h 331.094 WOR  |p 005100058403  |q 005100058403  |t BK  |y 0 
922 |a 1ΕΛΗ  |b 2016-05  |c Τμήμα Κοινωνιολογίας  |d Δρες 
970 |a Τζαφέρη  |b Ευαγγελία  |z 29-08-2016